000
00360cam a2200169ua 4500
020
_c
4.00
041
_a
hin
_h
082
_a
891.54
_b
YAD/SA
100
_a
Yadavendra, Sharma Chandra .
245
_a
Sapna
260
_a
:
_b
Rajpal and Sanch ,
_c
1959.
300
_a
246 ; .
365
_a
4.00
504
_a
942
_c
BK
999
_c
12484
_d
12484